00331nam a2200109Ia 4500008004100000082000800041100002500049245003100074942000600105952009500111999001500206240331s9999 xx 000 0 und d bSHA aShanmugasundaram, S  0aKongu nattuppura ilakkiyam cL 001040708LaWERCLbWERCLcSSCd2024-03-31l0o 398 SHAp1618r2024-03-31w2024-03-31yL c3633d3633